Countries A-Z Featured in Books - Statistics

General Stats
  • This quiz has been taken 21 times
  • The average score is 21 of 24
Answer Stats
Letter Book Country % Correct
G Plato: Phaedrus Greece
100%
P Kim Macquarrie: The Last Days of the Incas Peru
100%
R Bram Stoker: Dracula Romania
100%
U Irvine Welsh: Trainspotting United Kingdom
100%
I James Joyce: Ulysses Ireland
95%
O Jokha Alharthi: Celestial Bodies Oman
95%
Q Sophia Al-Maria: The Girl Who Fell to Earth Qatar
95%
A Albert Camus: The Plague Algeria
90%
J Agatha Christie: Appointment with Death Jordan
90%
K Isak Dinesen (Karen Blixen): Out of Africa Kenya
90%
S Kevin Kwan: Crazy Rich Asians Singapore
90%
V Dan Brown: Angels & Demons Vatican City
90%
Y Zayd Mutee' Damma: The Hostage Yemen
90%
Z Doris Lessing: The Grass Is Singing Zimbabwe
90%
C Louise Penny: Still Life Canada
85%
H Paul Theroux: The Mosquito Coast Honduras
85%
N Alan Duff: Once Were Warriors New Zealand
85%
T Alex Garland: The Beach Thailand
85%
D Joseph Conrad: Heart of Darkness Democratic Republic of the Congo
80%
E Maaza Mengiste: Beneath the Lion's Gaze Ethiopia
80%
F Tove Jansson: The Moomins and the Great Flood Finland
80%
M Octavio Paz: The Labyrinth of Solitude Mexico
80%
B Alexander McCall Smith: The No. 1 Ladies' Detective Agency Botswana
70%
L Colin Cotterill: The Coroner's Lunch Laos
55%
No matching quizzes found
Score Distribution
Percent of People with Each Score
Percentile by Number Answered
Your Score History
You have not taken this quiz